Statistics for Name the City

Click here to take the quiz!

General Stats

  • This quiz has been taken 394 times
  • The average score is 16 of 22

Answer Stats

Hint Answer % Correct
Indian City home to BollywoodMumbai
87%
French City famous for its Film FestivalCannes
85%
Brazilian City where Sugarloaf Mountain is locatedRio de Janeiro
84%
The Sagrada Familia stands in this Spanish CityBarcelona
84%
Holy City of the Islam situated on the Red Sea coastMecca
84%
Egyptian City that once held a famous Library and LighthouseAlexandria
80%
City in Vietnam formerly named SaigonHo Chi Minh City
80%
Largest French-speaking city in CanadaMontreal
80%
Most populous City of New ZealandAuckland
79%
Capital of the Australian State of VictoriaMelbourne
78%
Soweto is located in the suburbs of this South-African cityJohannesburg
76%
Italian City controlled by the Medicis during the RenaissanceFlorence
74%
Largest City on the Israeli CoastTel Aviv
73%
Germany's largest port, located on the river ElbeHamburg
71%
Pakistan's most populous CityKarachi
70%
Previously under Portuguese rule, now Chinese gambling paradiseMacau
65%
The artificial Palm Jumeirah island is located in this Arabian CityDubai
65%
Famous Resort City on the Yucatan PeninsulaCancun
64%
American City where Silicon Valley is locatedSan Francisco
63%
Largest City of TanzaniaDar es Salaam
43%
Russian City that was named Stalingrad in World War IIVolgograd
40%
Most populated American State CapitalPhoenix
36%

Score Distribution

Percentile by Number Answered

Percent of People with Each Score

Your Score History

You have not taken this quiz